000
00420nam a2200157Ia 4500
008
100204s9999 xx 000 0 und d
082
_b
27959
100
_a
"बर्वे राजेंद्र्र , बर्वे ललिता"
245
_a
फुलोरा
250
_a
0
260
_c
2007
300
_a
204
630
_a
फुलोरा
730
_a
फुलोरा
942
_c
BOOK
999
_c
473139
_d
473136